zpět

Detail výsledku týmu

Tenis klub, Pardubice

Datum a čas kvízu

28 Celkem bodů Celkový počet nahraných bodů na tomto kvízu bez doplňovacích otázek.
7. Pořadí na kvízu Konečné umístění týmu na tomto kvízu.

Zaznamenané odpovědi

# Otázka Odpověď Body Výsledky
1. V pátek přejel první vlak přes... Orlík 1
2. Během návštěvy Vladimira Putin... v Kazachstánu 0
3. Počátkem týdne byl představen... Marek Ztracený, Ester Ledecká 1
4. Ve čtvrtek byly vyhlášeny výsl... Zásilkovna 1
5. V pondělí byl potvrzen vstup n... B) Cadillac 0
6. Začneme mladším (a slavnějším)... Krakatit 0
7. Josef Čapek byl především malí... C 1
8. Přiřaďte k těmto literárním dí... 1D 2B 3A 4C 0
9. Napište názvy dvou deníků, v n... Národní listy, Lidové noviny 1
10. Napište název románu, jehož zá... Válka s Mloky 1